000 00293nam a2200121 a 4500
005 20140414131922.0
008 101022s19uu xx 00 eng d
050 _aER
_bSl2 2005
245 _aSleeping beauty.
260 _bDisney.
440 _aAll-time favorite fairy tales
999 _c111796
_d111796